| 000 | 00729nam a2200253 a 4500 | ||
|---|---|---|---|
| 001 | 9377 | ||
| 003 | BD-RjUL | ||
| 005 | 20211208234751.0 | ||
| 008 | 161027s1963 enk b 001 0 eng | ||
| 035 | _a(BD-RjUL)9422 | ||
| 040 |
_aDLC _cCtWeharU _dOCoLC _dDLC _beng |
||
| 041 | _aeng | ||
| 082 |
_a576.8 _223 _bHUE 1963 |
||
| 100 | 1 |
_aHuxley, Julian, _d1887-1975. _9160891 |
|
| 245 | 1 | 0 |
_aEvolution : _bthe modern synthesis / _cby Julian Huxley |
| 250 | _a2nd ed. | ||
| 260 |
_aLondon : _bG. Allen & Unwin ltd, _cc1963 |
||
| 300 |
_a[1] , 652, p. ; _c23 cm. |
||
| 500 | _a"First published in 1942." | ||
| 504 | _aBibliography: p. [614-621] | ||
| 650 | 0 |
_aEvolution. _9160892 |
|
| 942 |
_2ddc _cBK |
||
| 999 |
_c9377 _d9377 |
||